000 00824 a2200205 4500
020 _a0946653291
020 _a9780946653294
090 _c2381
_d2381
100 1 _aClemens, J.H.
245 1 0 _aBalance sheets and the lending banker /
_cJ.H. Clemens.
250 _a6th ed.
260 _a[S.l.] :
_bEuropa Publications Ltd,
_c1999.
300 _a312 p.
500 _aPaperback.
520 _aThis work includes the terminologies, formats and requirements of the Companies Act of 1985. It deals with the current Statements of Standard Accounting Practice.
700 1 _aDyer, Lewis Stuart.
856 4 0 _3Amazon.com
_uhttp://www.amazon.com/exec/obidos/ASIN/0946653291/chopaconline-20
856 4 0 _3Amazon customer reviews
_uhttp://www.chopac.org/cgi-bin/tools/azrev.pl?q=0946653291
942 _aNBS
_cBK
_k657.33024332 CLE
999 _c344879
_d344879